000 00529nam a2200193Ia 4500
005 20250508162638.0
008 008 250505s9999 xx 000 0 eng d
037 _aTextual
040 _aFEDL
_beng
_cFEDL
041 _aeng
_2eng
084 _a370.954, REN
_qFEDL
100 _aRenu Debi
_9773680
245 0 _aProgress of education in Assam
260 _aGuwahati, India
_bOmsons Publications
_c1987
300 _a238p.
650 _aEducation
942 _cTEXL
_h370.954, REN
999 _c1377812
_d1377812